Computer methods for solving dynamic separation problems (Record no. 7418)

000 -LEADER
fixed length control field 00666nam a2200229 a 4500
001 - CONTROL NUMBER
control field 7418
003 - CONTROL NUMBER IDENTIFIER
control field BD-DhUET
008 - FIXED-LENGTH DATA ELEMENTS--GENERAL INFORMATION
fixed length control field 820722s1983 nyua b 001 0 eng
020 ## - INTERNATIONAL STANDARD BOOK NUMBER
International Standard Book Number 0070295735
040 ## - CATALOGING SOURCE
Original cataloging agency DLC
Transcribing agency DLC
Modifying agency BD-DhUET
082 00 - DEWEY DECIMAL CLASSIFICATION NUMBER
Classification number 660.2842015194
Item number HOL/1983
100 ## - MAIN ENTRY--PERSONAL NAME
Personal name Holland, Charles D.
245 10 - TITLE STATEMENT
Title Computer methods for solving dynamic separation problems
250 ## - EDITION STATEMENT
Edition statement 1st ed.
260 ## - PUBLICATION, DISTRIBUTION, ETC. (IMPRINT)
Place of publication, distribution, etc. New York
Name of publisher, distributor, etc. McGraw-Hill
Date of publication, distribution, etc. 1983
300 ## - PHYSICAL DESCRIPTION
Extent xvi, 475p.
Other physical details ill.
Dimensions 25 cm.
490 ## - SERIES STATEMENT
Series statement McGraw-Hill chemical engineering series
504 ## - BIBLIOGRAPHY, ETC. NOTE
Bibliography, etc Includes bibliographies
650 #0 - SUBJECT ADDED ENTRY--TOPICAL TERM
Topical term or geographic name as entry element Seperation data processing
700 1# - ADDED ENTRY--PERSONAL NAME
Personal name Liapis, Athanasios I.
942 ## - ADDED ENTRY ELEMENTS (KOHA)
Koha item type General Book
Holdings
Koha normalized classification for sorting Shelving location Koha issues (times borrowed) Withdrawn status Koha item type Koha date last seen Sublocation or collection (holding branch) Koha full call number Damaged status Location (home branch) Date acquired Copy number Piece designation (barcode) Lost status Not for loan Source of classification or shelving scheme Koha date last borrowed Price effective from
660_284201519400000_HOL_1983Circulation section  General Book2014-12-09Central Library, BUET660.2842015194/HOL/1983 Central Library, BUET2014-12-09171709    2014-12-09
660_284201519400000_HOL_1983Circulation section  General Book2014-12-09Central Library, BUET660.2842015194/HOL/1983 Central Library, BUET2014-12-092 76513    2014-12-09
660_284201519400000_HOL_1983Circulation section  General Book2014-12-09Central Library, BUET660.2842015194/HOL/1983 Central Library, BUET2014-12-09376514    2014-12-09
660_284201519400000_HOL_1983Circulation section1 General Book2017-05-09Central Library, BUET660.2842015194/HOL/1983 Central Library, BUET2014-12-09476886   2017-05-092014-12-09
660_284201519400000_HOL_1983Circulation section  General Book2014-12-09Central Library, BUET660.2842015194/HOL/1983 Central Library, BUET2014-12-09576887    2014-12-09